000 00959nam a2200229Ia 4500
001 L250-16472
003 IT-CnALBA
008 170116s9999||||xx |||||||||||||| ||und||
040 _aIT-CnALBA
_cIT-CnALBA
041 _aITALIANO
100 _aPELLEGRINO A., SAC.
245 0 _aCONSIGLI ALLE MADRI DI FAMIGLIA.
250 _a1a ed.
260 _aALBA (CN)
_bSCUOLA TIPOGRAFICA EDITRICE
_c1923 [1° Ed.:1923 - Ed.Ling.Originale: 1923]
300 _a68 p. (prefazione: 5)
500 _aNOME DI MADRE. AMORE VERO. BATTESIMO. EDUCAZIONE. VIGILANZA. CORREZIONE. SEGRETI DI BUONA EDUCAZIONE. GESÙ, PRIMO EDUCATORE.
501 _aSocietà San Paolo EM - Piazza San Paolo, 14 - 12051 ALBA (CN) (non commercial uses only) ® Copyright 2017
520 _aNOME DI MADRE. AMORE VERO. BATTESIMO. EDUCAZIONE. VIGILANZA. CORREZIONE. SEGRETI DI BUONA EDUCAZIONE. GESÙ, PRIMO EDUCATORE.
650 _aTEOLOGIA PASTORALE
942 _cBK
957 _71
999 _a21219
_bSI
_g Copie: 1
_c275633
_d275633